00543nam a2200193 a 4500001001300000003000900013005001700022008004100039020002300080082001700103100002400120245006800144260003500212300000900247500003500256505001800291650001600309700002400325nice12345678IN_TiNIC20260116014623.0070403s2001 newa grp 000 0 eng  a8171513042 c12000a340.59bHAS8 aHashmi, Yusuf Abbas aKitabur-Rasulb The Constitutional Dictation of Muhammad (PBUH) aNew DelhibKitab Bhavan c2001 a170p aincludes index and biblioraphy2 abiblio, index aIslamic-Law1 aHashmi, Yusuf Abbas